| 000 | 01400nam a2200229Ia 4500 | ||
|---|---|---|---|
| 003 | Ost | ||
| 005 | 20260507075742.0 | ||
| 008 | 260507s9999||||xx |||||||||||||| ||und|| | ||
| 020 | _a9356119957 | ||
| 040 | _cfsecg | ||
| 041 | _aara | ||
| 082 | _a330 | ||
| 100 |
_aالصياح، عبد الستار مصطفى _eمؤلف |
||
| 245 | 0 |
_aالإدارة المالية : _bأطر نظرية وحالات عملية / _c عبد الستار مصطفى الصياح |
|
| 260 |
_aعمان: _bدار وائل للنشر والتوزيع, _c2003 |
||
| 300 |
_a272 صفحة؛ _bإيضاحات ؛ _c24 سم |
||
| 520 | _aطبيعة الإدارة المالية وأهميتها وأهدافها وتطويرها- التحليل المالي- كشف تدفقات الأموال- التنبؤ المالي- تخطيط الأرباح والرافعة التشغيلية- إدارة رأس المال العامل- إدارة النقدية- إدارة الذمم المالية- إدارة المخزون السلعي- إدارة الموجودات الثابتة- تقييم المشروع الإستثمارية- كلفة رأس المال- إدارة التمويل قصير الاجل- الموازنة الرأسمالية | ||
| 653 | _aإدارة الأعمال | ||
| 653 | _aالإدارة المالية | ||
| 700 |
_aالعامري، سعود جايد _eمؤلف ثانوي |
||
| 942 | _cكتاب | ||
| 999 |
_c46158 _d46158 |
||